Normal view
MARC view
- الشكعة، مصطفى
Entry Personal Name
001 - CONTROL NUMBER
- control field: 59431
003 - CONTROL NUMBER IDENTIFIER
- control field: JO-AjAnu
005 - DATE AND TIME OF LATEST TRANSACTION
- control field: 20230606083723.0
008 - FIXED-LENGTH DATA ELEMENTS
- fixed length control field: 230606|| aca||aabn | a|a d
040 ## - CATALOGING SOURCE
- Original cataloging agency: JO-AjAnu
- Transcribing agency: JO-AjAnu
100 ## - HEADING--PERSONAL NAME
- Personal name: الشكعة، مصطفى
670 ## - SOURCE DATA FOUND
- Source citation: Work cat.: (JO-AjAnu)30312: الشكعة، مصطفى, author, سيف الدولة الحمداني أو مملكة السيف ودولة الأقلام